|
|
|
|
| LEADER |
00701nam a22002412a 4500 |
| 001 |
000156786 |
| 003 |
CZ BrMZK |
| 005 |
20080213145545.0 |
| 007 |
ta |
| 008 |
950101s1989 xo f slo d |
| 040 |
|
|
|a BOA001
|b cze
|
| 080 |
9 |
|
|a 77.001
|
| 100 |
1 |
|
|a Lofaj, Ján
|4 AUT
|
| 245 |
1 |
0 |
|a Reportážna fotografia /
|c Ján Lofaj
|
| 260 |
|
|
|a Bratislava :
|b Osvetový ústav,
|c 1989
|
| 300 |
|
|
|a 60 s.
|
| 490 |
1 |
|
|a Záujmová umelecká činnosť
|
| 830 |
|
0 |
|a Záujmová umelecká činnosť
|
| 910 |
|
|
|a BOA001
|b 4-0950.109
|
| 964 |
|
|
|a Reportážní fotografie
|
| 990 |
|
|
|a BK
|
| 991 |
|
|
|b 200801
|
| 996 |
7 |
|
|b 2619935880
|c 4-0950.109
|l MZK
|r Sklad / do 1 hodiny
|n 13
|w 000156786
|u 000010
|a 1
|e BOA001
|j MZK50
|s A
|